Bodywatching : (Record no. 919)

MARC details
000 -LEADER
fixed length control field 00501nam a2200169 a 4500
005 - DATE AND TIME OF LATEST TRANSACTION
control field 20260322212039.0
008 - FIXED-LENGTH DATA ELEMENTS--GENERAL INFORMATION
fixed length control field data
010 ## - LIBRARY OF CONGRESS CONTROL NUMBER
LC control number 85-12736
090 ## - LOCALLY ASSIGNED LC-TYPE CALL NUMBER (OCLC); LOCAL CALL NUMBER (RLIN)
Classification number (OCLC) (R) ; Classification number, CALL (RLIN) (NR) QM 26 M67 1985
001 - CONTROL NUMBER
control field data
100 1# - MAIN ENTRY--PERSONAL NAME
Personal name Morris, Desmond
245 10 - TITLE STATEMENT
Title Bodywatching :
Remainder of title a field guide to the human species /
Statement of responsibility, etc. Desmond Morris.
260 ## - PUBLICATION, DISTRIBUTION, ETC.
Place of publication, distribution, etc. New York
Name of publisher, distributor, etc. Crown
Date of publication, distribution, etc. p1985
300 ## - PHYSICAL DESCRIPTION
Extent 256 p. :
Other physical details ill (some col.)
500 ## - GENERAL NOTE
General note Includes index. Ill. on lining papers. Bibliography: p.250-251. "An Equinox book."
650 #4 - SUBJECT ADDED ENTRY--TOPICAL TERM
Topical term or geographic name entry element Anatomy, Human.
Holdings
Withdrawn status Lost status Damaged status Not for loan Home library Current library Shelving location Date acquired Total checkouts Full call number Barcode Date last seen Price effective from Koha item type
        Franklin Franklin General stacks 22/03/2026   GEN BC0010948 22/03/2026 22/03/2026 Books